Normal view
MARC view
Entry Meeting Name
001 - CONTROL NUMBER
- control field: 18597
003 - CONTROL NUMBER IDENTIFIER
- control field: OSt
005 - DATE AND TIME OF LATEST TRANSACTION
- control field: 20240710102032.0
008 - FIXED-LENGTH DATA ELEMENTS
- fixed length control field: 240710|| aca||aabn | a|a d
040 ## - CATALOGING SOURCE
- Original cataloging agency: OSt
- Transcribing agency: OSt
111 ## - HEADING--MEETING NAME
- Meeting name or jurisdiction name as entry element: Asian Regional Consultation on Social Cohesion and Conflict Management
- Date of meeting: (2000 :
- Location of meeting: Manila, Philippines)
670 ## - SOURCE DATA FOUND
- Source citation: Work cat.: (OSt)9133: Social cohesion and conflict prevention in Asia :, c2001.
